000
00241nam a2200097Ia 4500
001
1206617
005
20251013114401.0
008
250824s9999 xx 000 0 und d
245
0
_a
NAİMA
_c
BEHÇET NECATİGİL
260
_b
EVEREST YAYINLARI
999
_c
1206617
_d
1206617